|
|
|
|
| LEADER |
00000nab a2200000 a 4500 |
| 001 |
vtls000157238 |
| 003 |
SK-MaSNL |
| 005 |
20260304062348.0 |
| 008 |
250422c1983 xo 0 slo |
| 015 |
|
|
|a SNBRB19rr/mm-uuuuu
|
| 035 |
|
|
|a CL0167345
|
| 035 |
|
|
|a urn:nbn:sk:snk-abeke6
|
| 035 |
|
|
|a (urnnbn)urn:nbn:sk:snk:ar-0070k4
|
| 035 |
|
|
|a (uuid)ceca7cf7-ab07-41a7-b8c3-71dfe9579b43
|
| 040 |
|
|
|a SNKBUCL
|b slo
|c SNKBUCL
|e AACR2
|
| 041 |
0 |
|
|a slo
|
| 044 |
|
|
|a xo
|c SK
|
| 080 |
|
|
|a 639.1:061.25
|2 1981
|
| 080 |
|
|
|a 061.25
|2 1981
|
| 100 |
1 |
|
|a Grman, Ladislav,
|d 1932-
|4 aut
|9 38998
|
| 245 |
1 |
0 |
|a Bilancia Striebornice
|c Ladislav Grman
|
| 300 |
|
|
|b Obr. 6.
|
| 650 |
0 |
7 |
|a poľovníctvo
|2 snkbucl
|9 2774
|
| 650 |
0 |
7 |
|a Slovenský poľovnícky zväz
|2 snkbucl
|9 899512
|
| 655 |
|
7 |
|a články z novín a časopisov
|2 snkbucl
|9 267496
|
| 773 |
0 |
|
|t Poľovníctvo a rybárstvo
|g Roč. 35, č. 3 (1983), s. 6-7
|
| 850 |
|
|
|a Slovenská národná knižnica
|
| 852 |
|
|
|a Slovenská národná knižnica
|
| 954 |
|
|
|a odborná, vedecká literatúra pôvodná (slovenská)
|2 lita
|
| 957 |
|
|
|a 5211
|
| 958 |
|
|
|a article27
|
| 958 |
|
|
|a RK
|
| 958 |
|
|
|a OND
|
| 958 |
|
|
|a EUIPO
|
| 992 |
|
|
|a RBX
|
| 999 |
|
|
|c 2737726
|d 2739656
|